LIBRARY & INFORMATION CENTRE, KCAET, TAVANUR

ONLINE PUBLIC ACCESS CATALOGUE (OPAC)

Normal view MARC view
  • Tiwari, G.N .

Entry Personal Name

Number of records used in: 1

001 - CONTROL NUMBER

  • control field: 365

003 - CONTROL NUMBER IDENTIFIER

  • control field: OSt

005 - DATE AND TIME OF LATEST TRANSACTION

  • control field: 20160610141853.0

008 - FIXED-LENGTH DATA ELEMENTS

  • fixed length control field: 160610|| aca||aabn | a|a d

040 ## - CATALOGING SOURCE

  • Original cataloging agency: OSt
  • Transcribing agency: OSt

100 ## - HEADING--PERSONAL NAME

  • Personal name: Tiwari, G.N .

670 ## - SOURCE DATA FOUND

  • Source citation: Work cat.: (OSt)12276: Tiwari, G.N ., Solar energy: Fundamentals, Design, Modelling and Applications / , 2002.
free website counter